| Tag |
First Indicator |
Second Indicator |
Subfields |
| LEADER |
00000cam a2200000 a 4500 |
| 001 |
in00001407071 |
| 005 |
20151020073116.0 |
| 008 |
971023s1998 enkab b 101 0 eng |
| 010 |
|
|
|a 97043347
|
| 020 |
|
|
|a 0852382480 (hb)
|
| 035 |
|
|
|a (OCoLC)37878710
|
| 035 |
|
|
|9 AHQ4042AM
|
| 040 |
|
|
|a DLC
|c DLC
|d YDX
|d TXA
|d UtOrBLW
|
| 049 |
|
|
|a TXAM
|
| 050 |
0 |
0 |
|a SH328
|b .R428 1998
|
| 082 |
0 |
0 |
|a 333.95/69/094
|2 21
|
| 245 |
0 |
0 |
|a Recreational fisheries :
|b social, economic, and management aspects /
|c edited by Phil Hickley and Helena Tompkins.
|
| 246 |
3 |
0 |
|a Social, economic, and management aspects
|
| 264 |
|
1 |
|a Oxford [England] ;
|a Malden, MA :
|b Fishing News Books, published by arrangement with the Food and Agriculture Organization of the United Nations,
|c 1998.
|
| 300 |
|
|
|a xv, 310 pages :
|b illustrations, maps ;
|c 26 cm.
|
| 336 |
|
|
|a text
|b txt
|2 rdacontent
|
| 337 |
|
|
|a unmediated
|b n
|2 rdamedia
|
| 338 |
|
|
|a volume
|b nc
|2 rdacarrier
|
| 500 |
|
|
|a Papers from the EIFAC Symposium on Recreational Fisheries, held in Dublin, Ireland, from 11 to 14 June 1997.
|
| 504 |
|
|
|a Includes bibliographical references and index.
|
| 650 |
|
0 |
|a Fishery management
|z Europe
|x Congresses.
|
| 650 |
|
0 |
|a Fishing
|x Social aspects
|z Europe
|x Congresses.
|
| 650 |
|
0 |
|a Fishing
|x Economic aspects
|z Europe
|x Congresses.
|
| 650 |
|
0 |
|a Fishery management
|v Congresses.
|
| 650 |
|
0 |
|a Fishing
|x Social aspects
|x Congresses.
|
| 650 |
|
0 |
|a Fishing
|x Economic aspects
|x Congresses.
|
| 700 |
1 |
|
|a Hickley, Phil.
|
| 700 |
1 |
|
|a Tompkins, Helena.
|
| 711 |
2 |
|
|a EIFAC Symposium on Recreational Fisheries
|d (1997 :
|c Dublin, Ireland)
|
| 948 |
|
|
|a c:cer
|
| 999 |
|
|
|a MARS
|
| 999 |
f |
f |
|s 6e29b92b-2c01-3684-a1c2-d1829f91213c
|i 1362e1e3-dc9b-3b17-8da2-1820cdc00232
|t 0
|
| 952 |
f |
f |
|p ric
|a Texas A&M University
|b Rellis Campus
|c Joint Library Facility
|d Remote Storage
|t 0
|e SH328 .R428 1998
|h Library of Congress classification
|i unmediated -- volume
|m A14822564394
|
| 998 |
f |
f |
|a SH328 .R428 1998
|t 0
|l Remote Storage
|